Mao's China: a nation in transition (Record no. 356222)

000 -LEADER
fixed length control field 00360cam a22001217a 4500
008 - FIXED-LENGTH DATA ELEMENTS--GENERAL INFORMATION
fixed length control field 180718b1979 xxu||||| |||| 00| 0 eng d
082 ## - DEWEY DECIMAL CLASSIFICATION NUMBER
Classification number T19x51 V579
100 ## - MAIN ENTRY--PERSONAL NAME
Personal name Vepa, Ram K.
245 ## - TITLE STATEMENT
Title Mao's China: a nation in transition
Statement of responsibility, etc. by Ram K. Vepa
260 ## - PUBLICATION, DISTRIBUTION, ETC.
Place of publication, distribution, etc. New Delhi
Name of publisher, distributor, etc. Abhinav
Date of publication, distribution, etc. 1979
300 ## - PHYSICAL DESCRIPTION
Extent 219p.
650 ## - SUBJECT ADDED ENTRY--TOPICAL TERM
Topical term or geographic name entry element China, People's Republic - Economic conditions
Holdings
Withdrawn status Lost status Damaged status Not for loan Permanent Location Current Location Date acquired Full call number Barcode Date last seen Price effective from Koha item type
        Indian Institute of Public Administration Indian Institute of Public Administration 1994-01-03 T19x51 V579 55771 2018-07-21 2018-07-21 Book

Powered by Koha